00339cam a22001097a 4500008004000000082001900040100002600059245006100085260003000146300001000176650004300186180718b1976 xxu||||| |||| 00| 0 eng d aB135x5444 L149 aLakshminarayana, H.D. aIndia's villages at cross-roadscby H.D. Lakshminarayana aNew DelhibNationalc1976 a122p. aSociology, Rural - Karnataka - Mysore.